<?xml version="1.0" encoding="UTF-8"?>
<record
    xmlns:xsi="http://www.w3.org/2001/XMLSchema-instance"
    xsi:schemaLocation="http://www.loc.gov/MARC21/slim http://www.loc.gov/standards/marcxml/schema/MARC21slim.xsd"
    xmlns="http://www.loc.gov/MARC21/slim">

  <leader>00654nam a22001577a 4500</leader>
  <controlfield tag="003">OSt</controlfield>
  <controlfield tag="005">20150908162057.0</controlfield>
  <controlfield tag="008">150908b        xxu||||| |||| 00| 0 eng d</controlfield>
  <datafield tag="040" ind1=" " ind2=" ">
    <subfield code="c">RUA</subfield>
  </datafield>
  <datafield tag="082" ind1=" " ind2=" ">
    <subfield code="a">AGR &#x17A0;&#x17BC;&#x200B; 1993 B008 Or.1</subfield>
  </datafield>
  <datafield tag="100" ind1=" " ind2=" ">
    <subfield code="9">167</subfield>
    <subfield code="a">&#x17A0;&#x17BC; &#x1796;&#x17BB;&#x1791;&#x17D2;&#x178B;&#x17B6;</subfield>
  </datafield>
  <datafield tag="245" ind1=" " ind2=" ">
    <subfield code="a">&#x179F;&#x17B7;&#x1780;&#x17D2;&#x179F;&#x17B6;&#x1780;&#x17B6;&#x179A;&#x1794;&#x17C6;&#x1795;&#x17D2;&#x179B;&#x17B6;&#x1789;&#x1793;&#x17C3;&#x1798;&#x17BC;&#x179F;&#x1795;&#x17D2;&#x179B;&#x17BB;&#x1784;&#x179B;&#x17BE;&#x1796;&#x17BC;&#x1787;&#x179F;&#x17D2;&#x179A;&#x17BC;&#x179C;&#x17E2;&#x17E8;&#x1796;&#x17BC;&#x1787;&#x1793;&#x17C5;&#x179F;&#x17D2;&#x1790;&#x17B6;&#x1793;&#x17B8;&#x1799;&#x17CD;&#x1780;&#x17B6;&#x179A;&#x1796;&#x17B6;&#x179A;&#x178A;&#x17C6;&#x178E;&#x17B6;&#x17C6;&#x179F;&#x17D2;&#x1791;&#x17B9;&#x1784;&#x1798;&#x17B6;&#x1793;&#x1787;&#x17D0;&#x1799; &#x1793;&#x17B6;&#x179A;&#x178A;&#x17BC;&#x179C;&#x179C;&#x179F;&#x17D2;&#x179F;&#x17B6;&#x1786;&#x17D2;&#x1793;&#x17C6;&#x17B6;&#x17E1;&#x17E9;&#x17E9;&#x17E3;</subfield>
  </datafield>
  <datafield tag="260" ind1=" " ind2=" ">
    <subfield code="a">phnom penh</subfield>
    <subfield code="b">RUA</subfield>
    <subfield code="c">1993</subfield>
  </datafield>
  <datafield tag="300" ind1=" " ind2=" ">
    <subfield code="a">63p.</subfield>
    <subfield code="c">ill.</subfield>
    <subfield code="g">29cm</subfield>
  </datafield>
  <datafield tag="942" ind1=" " ind2=" ">
    <subfield code="2">ddc</subfield>
    <subfield code="c">AGR</subfield>
  </datafield>
  <datafield tag="999" ind1=" " ind2=" ">
    <subfield code="c">149</subfield>
    <subfield code="d">149</subfield>
  </datafield>
  <datafield tag="952" ind1=" " ind2=" ">
    <subfield code="0">0</subfield>
    <subfield code="1">0</subfield>
    <subfield code="2">ddc</subfield>
    <subfield code="4">0</subfield>
    <subfield code="6">AGR_&#x17A0;&#x17BC;_1993_000000000000000_B008_OR_1</subfield>
    <subfield code="7">0</subfield>
    <subfield code="9">556</subfield>
    <subfield code="a">LBB</subfield>
    <subfield code="b">LBB</subfield>
    <subfield code="d">2015-09-08</subfield>
    <subfield code="o">AGR &#x17A0;&#x17BC;&#x200B; 1993 B008 Or.1</subfield>
    <subfield code="p">RUA004919</subfield>
    <subfield code="r">2015-09-08</subfield>
    <subfield code="w">2015-09-08</subfield>
    <subfield code="y">AGR</subfield>
  </datafield>
  <datafield tag="952" ind1=" " ind2=" ">
    <subfield code="0">0</subfield>
    <subfield code="1">0</subfield>
    <subfield code="2">ddc</subfield>
    <subfield code="4">0</subfield>
    <subfield code="6">AGR_&#x17A0;&#x17BC;_1993_000000000000000_B008_OR_2</subfield>
    <subfield code="7">0</subfield>
    <subfield code="9">557</subfield>
    <subfield code="a">LBB</subfield>
    <subfield code="b">LBB</subfield>
    <subfield code="d">2015-09-08</subfield>
    <subfield code="o">AGR &#x17A0;&#x17BC;&#x200B; 1993 B008 Or.2</subfield>
    <subfield code="p">RUA004773</subfield>
    <subfield code="r">2015-09-08</subfield>
    <subfield code="w">2015-09-08</subfield>
    <subfield code="y">AGR</subfield>
  </datafield>
  <datafield tag="952" ind1=" " ind2=" ">
    <subfield code="0">0</subfield>
    <subfield code="1">0</subfield>
    <subfield code="2">ddc</subfield>
    <subfield code="4">0</subfield>
    <subfield code="6">AGR_&#x17A0;&#x17BC;_1993_000000000000000_B008_OR_3</subfield>
    <subfield code="7">0</subfield>
    <subfield code="9">558</subfield>
    <subfield code="a">LBB</subfield>
    <subfield code="b">LBB</subfield>
    <subfield code="d">2015-09-08</subfield>
    <subfield code="o">AGR &#x17A0;&#x17BC;&#x200B; 1993 B008 Or.3</subfield>
    <subfield code="p">RUA005631</subfield>
    <subfield code="r">2015-09-08</subfield>
    <subfield code="w">2015-09-08</subfield>
    <subfield code="y">AGR</subfield>
  </datafield>
  <datafield tag="952" ind1=" " ind2=" ">
    <subfield code="0">0</subfield>
    <subfield code="1">0</subfield>
    <subfield code="2">ddc</subfield>
    <subfield code="4">0</subfield>
    <subfield code="6">AGR_&#x17A0;&#x17BC;_1993_000000000000000_B008_OR_4</subfield>
    <subfield code="7">0</subfield>
    <subfield code="9">559</subfield>
    <subfield code="a">LBB</subfield>
    <subfield code="b">LBB</subfield>
    <subfield code="d">2015-09-08</subfield>
    <subfield code="o">AGR &#x17A0;&#x17BC;&#x200B; 1993 B008 Or.4</subfield>
    <subfield code="p">RUA005317</subfield>
    <subfield code="r">2015-09-08</subfield>
    <subfield code="w">2015-09-08</subfield>
    <subfield code="y">AGR</subfield>
  </datafield>
  <datafield tag="952" ind1=" " ind2=" ">
    <subfield code="0">0</subfield>
    <subfield code="1">0</subfield>
    <subfield code="2">ddc</subfield>
    <subfield code="4">0</subfield>
    <subfield code="6">AGR_&#x17A0;&#x17BC;_1993_000000000000000_B008_OR_5</subfield>
    <subfield code="7">0</subfield>
    <subfield code="9">560</subfield>
    <subfield code="a">LBB</subfield>
    <subfield code="b">LBB</subfield>
    <subfield code="d">2015-09-08</subfield>
    <subfield code="o">AGR &#x17A0;&#x17BC;&#x200B; 1993 B008 Or.5</subfield>
    <subfield code="p">RUA004631</subfield>
    <subfield code="r">2015-09-08</subfield>
    <subfield code="w">2015-09-08</subfield>
    <subfield code="y">AGR</subfield>
  </datafield>
  <datafield tag="952" ind1=" " ind2=" ">
    <subfield code="0">0</subfield>
    <subfield code="1">0</subfield>
    <subfield code="2">ddc</subfield>
    <subfield code="4">0</subfield>
    <subfield code="6">AGR_&#x17A0;&#x17BC;_1993_000000000000000_B008_OR_6</subfield>
    <subfield code="7">0</subfield>
    <subfield code="9">561</subfield>
    <subfield code="a">LBB</subfield>
    <subfield code="b">LBB</subfield>
    <subfield code="d">2015-09-08</subfield>
    <subfield code="o">AGR &#x17A0;&#x17BC;&#x200B; 1993 B008 Or.6</subfield>
    <subfield code="p">RUA004701</subfield>
    <subfield code="r">2015-09-08</subfield>
    <subfield code="w">2015-09-08</subfield>
    <subfield code="y">AGR</subfield>
  </datafield>
  <datafield tag="952" ind1=" " ind2=" ">
    <subfield code="0">0</subfield>
    <subfield code="1">0</subfield>
    <subfield code="2">ddc</subfield>
    <subfield code="4">0</subfield>
    <subfield code="6">AGR_&#x17A0;&#x17BC;_1993_000000000000000_B008_OR_7</subfield>
    <subfield code="7">0</subfield>
    <subfield code="9">562</subfield>
    <subfield code="a">LBB</subfield>
    <subfield code="b">LBB</subfield>
    <subfield code="d">2015-09-08</subfield>
    <subfield code="o">AGR &#x17A0;&#x17BC;&#x200B; 1993 B008 Or.7</subfield>
    <subfield code="p">RUA005489</subfield>
    <subfield code="r">2015-09-08</subfield>
    <subfield code="w">2015-09-08</subfield>
    <subfield code="y">AGR</subfield>
  </datafield>
  <datafield tag="952" ind1=" " ind2=" ">
    <subfield code="0">0</subfield>
    <subfield code="1">0</subfield>
    <subfield code="2">ddc</subfield>
    <subfield code="4">0</subfield>
    <subfield code="6">AGR_&#x17A0;&#x17BC;_1993_000000000000000_B008_OR_8</subfield>
    <subfield code="7">0</subfield>
    <subfield code="9">563</subfield>
    <subfield code="a">LBB</subfield>
    <subfield code="b">LBB</subfield>
    <subfield code="d">2015-09-08</subfield>
    <subfield code="o">AGR &#x17A0;&#x17BC;&#x200B; 1993 B008 Or.8</subfield>
    <subfield code="p">RUA005902</subfield>
    <subfield code="r">2015-09-08</subfield>
    <subfield code="w">2015-09-08</subfield>
    <subfield code="y">AGR</subfield>
  </datafield>
  <datafield tag="952" ind1=" " ind2=" ">
    <subfield code="0">0</subfield>
    <subfield code="1">0</subfield>
    <subfield code="2">ddc</subfield>
    <subfield code="4">0</subfield>
    <subfield code="6">AGR_&#x17A0;&#x17BC;_1993_000000000000000_B008_OR_9</subfield>
    <subfield code="7">0</subfield>
    <subfield code="9">564</subfield>
    <subfield code="a">LBB</subfield>
    <subfield code="b">LBB</subfield>
    <subfield code="d">2015-09-08</subfield>
    <subfield code="o">AGR &#x17A0;&#x17BC;&#x200B; 1993 B008 Or.9</subfield>
    <subfield code="p">RUA004709</subfield>
    <subfield code="r">2015-09-08</subfield>
    <subfield code="w">2015-09-08</subfield>
    <subfield code="y">AGR</subfield>
  </datafield>
</record>
